000 00356nam a2200133Ia 4500
008 240624s9999 xx 000 0 und d
041 _aeng
082 _a362.17 DAV
100 _aDAVIS COURTNEY
245 _aUNHEALTHY PHARMACEUTICAL REGULATION INNO
260 _c2013
_aNew York
_bPan Macmillan
300 _axii, : 321 : p. : cm. ; 21
365 _cBPS
_b38
999 _c28409
_d28409